Five Nights at Freddy's Character Quiz - Statistics

General Stats
  • This quiz has been taken 274 times
  • The average score is 79 of 202
Answer Stats
Hint Answer % Correct
UCN (Have some easy to guess characters) (Uh oh, how unfortunate.) Dee Dee
100%
Bonnie
95%
Chica
95%
Foxy
95%
FNaF 1 | FNaF Movie Freddy
94%
Golden Freddy
85%
(The chicken's pal) Cupcake
82%
Balloon Boy
73%
Mangle
73%
The Marionette
73%
Nightmare
71%
(This guy might like purple) Purple Guy
71%
FNaF 2 Toy Freddy
71%
FNaF 3 Springtrap
69%
Toy Bonnie
69%
Toy Chica
69%
Phone Guy
67%
Withered Freddy
66%
FNaF 4 Nightmare Freddy
65%
Withered Bonnie
65%
Withered Chica
65%
Withered Foxy
63%
JJ
61%
Nightmare Chica
61%
(Main Antagonist) | FNaF 4 Humans William Afton
61%
FNaF Sister Location Circus Baby
59%
Nightmare Bonnie
59%
Nightmare Foxy
59%
Phantom Freddy
58%
RWQFSFASXC
58%
Shadow Freddy
58%
(The new chicken's pal) Toy Cupcake
58%
Phantom Chica
57%
Funtime Foxy
56%
Funtime Freddy
56%
Phantom Foxy
55%
(The scary chickens pal) Nightmare Cupcake
53%
Nightmare Fredbear
53%
Ballora
51%
Endo 01
51%
Older Brother
51%
Phantom Marionette
51%
Crying Child
50%
Nightmare Balloon Boy
50%
Phantom Balloon Boy
50%
Withered Golden Freddy
50%
Funtime Chica
49%
Michael Afton
49%
Mike Schmidt
49%
Plushtrap
49%
Jack-O-Chica
48%
Lefty
47%
Montgomery Gator
47%
Phantom Mangle
47%
Halloween DLC Jack-O-Bonnie
46%
Nightmare Mangle
46%
Rockstar Chica
46%
(Cameo Amimatronic) Balloon Boy
45%
Ennard
45%
Glamrock Chica
45%
Security Breach Glamrock Freddy
45%
Nightmarionne
45%
(Some pals on the wall) Paper Pals
45%
Rockstar Bonnie
45%
Rockstar Freddy
45%
Roxanne Wolf
45%
(Fixed version of a character) Toy Foxy
45%
Bon Bon
44%
Rockstar Foxy
43%
(A sun and moon's actual name) The Daycare Attendant
43%
Endo 02
42%
(The watermelon's pal) Phantom Cupcake
42%
(The scary bear's children) The Freddles
42%
Vanessa
42%
(Connection terminated, I'm sorry to interrupt you Elizabeth...) Henry Emily
41%
(The orange scary chicken's pal) Jack-O-Lantern
41%
Music Man
41%
(Main Antogonist's Daughter) Vanessa Shelly
41%
(The funtime chicken's pal) Funtime Cupcake
40%
Freddy Fazbear's Pizzeria Simulator Scrap Baby
40%
Scraptrap
39%
Lolbit
38%
Molten Freddy
38%
(Calls you every night, is a dude) Phone Dude
38%
Here is a freebee, its Security Guard :) Security Guard
38%
Elizabeth Afton
37%
Adventure Bonnie
35%
FNaF World (Only playable characters, type Adventure when putting characters) Adventure Freddy
35%
Bidybab
35%
Bonnet
35%
Gregory
35%
Jeremy Fitzgerald
35%
Minireena
35%
(An old man with some consequences that we will never know) Old Man Consequences
35%
(The animal the rockstar fox has on his shoulder) Parrot
35%
Vanny
35%
Adventure Chica
34%
Adventure Foxy
34%
Electrobab
32%
Adventure Mangle
31%
El Chip
31%
Helpy
31%
Mr. Hippo
31%
Adventure Balloon Boy
30%
Adventure Toy Chica
30%
Adventure Toy Freddy
30%
DJ Music Man
30%
Help Wanted (Don't worry, just type in the original characters for this) Glitchtrap
30%
Happy Frog
30%
Adventure Golden Freddy
29%
Adventure Springtrap
29%
Adventure Toy Bonnie
29%
(Night 7 Security Guard) Fritz Smith
29%
Glamrock Bonnie
29%
Pig Patch
29%
(Some trash and its gang Trash and the Gang
29%
Yendo
29%
Adventure JJ
28%
Adventure Nightmare
28%
Adventure Withered Bonnie
28%
Adventure Withered Chica
28%
Adventure Withered Freddy
28%
Adventure Marionette
27%
Adventure Nightmare Bonnie
27%
Adventure Nightmare Chica
27%
Adventure Nightmare Foxy
27%
Adventure Nightmare Freddy
27%
Adventure Phantom Chica
27%
Adventure Phantom Freddy
27%
Adventure Withered Foxy
27%
(A fox that is a captain) Captain Foxy
27%
Nedd Bear
27%
Orville Elephant
27%
Adventure Phantom Mangle
26%
Update 2 Adventure Jack-O-Bonnie
25%
Adventure Jack-O-Chica
25%
Adventure Nightmare Balloon Boy
25%
Adventure Phantom Balloon Boy
25%
Adventure Phantom Foxy
25%
Adventure Phantom Marionette
25%
Adventure Plushtrap
25%
Adventure RWQFSFASXC
25%
Adventure Nightmare Fredbear
24%
Cassie
24%
(Main Character's Sister) Abby Schmidt
23%
Adventure Endo 01
23%
Adventure Endo 02
23%
Adventure Nightmarionne
23%
Mr. Cupcake
23%
The Mimic
23%
(How unfortunate, but kinda scary) XOR
23%
Adventure Funtime Foxy
22%
(Fruit punch for everyone!) Fruit Punch Clown
22%
(Lemonade for everyone!) Lemonade Clown
22%
Candy Cadet
21%
Dreadbear
21%
(A girl on a tape) Tape Girl
21%
Adventure Crying Child
20%
Adventure Springbonnie
20%
Burntrap
20%
(Died to The Cupcake) Carl
20%
Security Puppet
20%
Tangle
20%
Adventure Fredbear
19%
Adventure Purple Guy
19%
(A man who likes music that is little) Little Music Man
19%
Ruin Ruined Glamrock Chica
19%
Ruined Glamrock Freddy
19%
Ruined Montgomery Gator
19%
Adventure Paper Pals
18%
Ruined Roxanne Wolf
18%
(Caneo Animatronic) Sparky
18%
(Cameo Person/Waiter) Matpat
17%
Adventure Coffee
16%
(Main Character) Michael Schmidt
16%
(A dark version of our beloved rabbit) Dark Springtrap
15%
Minireena 2
14%
Adventure Scott Cawthon
13%
(A wet floor sign) Caution Bot
13%
Hand Unit
13%
S.T.A.F.F Bots
13%
Adventure Chipper
11%
(Died to Freddy) Max
11%
Adventure Endoplush
10%
(Cameo Animatronic) Ella
9%
(Main Character's Brother) Garett Schmidt
9%
Grimm Foxy
9%
Helpi
9%
(Femal Antagonist) Aunt Jane
8%
(Died to Bonnie) Hank
8%
(Died to Foxy) Jeff
7%
The Entity
7%
The Yellow Rabbit
7%
(Cameo Person/Taxi Driver) CoryXKension
1%
No matching quizzes found
Score Distribution
Percent of People with Each Score
Percentile by Number Answered
Your Score History
You have not taken this quiz